Artista y pensador (1895-1964) /

Guardado en:
Autor Corporativo: Fundación E. Martínez Estrada.
Formato: Deslizar
Materias:
Etiquetas: Agregar Etiqueta
Sin Etiquetas, Sea el primero en etiquetar este registro!
LEADER 00954ngm a22002655g 4500
001 CEM.cems022526
008 130507b2000##################0###0#####d
005 20241106141245.0
245 1 0 |a Artista y pensador (1895-1964) /  |c Fundación E. Martínez Estrada. 
300 |a 35'. 
500 |a En soporte VHS, consultar en ventanilla. 
505 0 |a Martínez Estrada: su vida y su obra. El artista y el pensador. La Fundación Ezequiel Martínez Estrada. 
538 |a Soporte: VHS - Norma: Pal N - Color: Si - Grabación DRD 2000 - Hitachi=4855 
110 2 |a Fundación E. Martínez Estrada. 
082 A 8 |0 /WULL-2 
653 |a LITERATURA ARGENTINA 
653 |a MARTINEZ ESTRADA, EZEQUIEL 
653 |a SOCIOLOGIA 
653 |a PENSADOR 
653 |a ESCRITOR 
653 |a FUNDACION 
653 |a BAHIA BLANCA 
653 |a NIVEL PRIMARIO 
653 |a NIVEL SECUNDARIO 
859 |a CEMS  |b BIB. CEMS - Depto. Recursos Didacticos  |h 860  |i WULL-2  |k DRD  |p 1169.12  |t Ej.1